Quizzes
Events
Quiz Creation
Community
Videos
Private Events
Remove Ads
Sign In
Join for FREE
Feedback
Dark Mode
Quiz Categories
Sports
Geography
Music
Movies
Television
Just For Fun
Miscellaneous
History
Literature
Language
Science
Gaming
Entertainment
Religion
Holiday
For Kids
Quiz Lab
Recent
Popular Today
Quiz Kudos Today
Editor Picks
Curator Picks
Quizzes by...
Day
Popularity
Type
Ratings
Length
Year
Community
Subscriptions
Recent Discussions
Orange Saloon
Badges
Playlists
Quests
Create
Leaderboards
Showdown
Live 5
Trivia Bingo
Activity
Puzzle Library
Sporcle Events
Private Events
Virtual Trivia
Globe League
Become a Host
Pub Owners
SporcleCon
Opinionation
Our Games
Videos
Blog
Mobile Apps
Partnerships
Remove Ads and Go Orange
Feedback
Music
Pop Music
The Beatles
Song
Album
Lyrics
Bands
Singers
Artist
Clip
Rock
Rap
Classical
Billboard
Country Music
Kpop
Taylor Swift
Music
Pop Music
The Beatles
Song
Album
Lyrics
Bands
Singers
Artist
Clip
Rock
Rap
Classical
Billboard
Country Music
Kpop
Taylor Swift
Random Quiz
Search Sporcle
×
Quiz Lab
Quiz Lab
Music
boo
Type in answers that appear in a list
Type in answers that appear in a list
Classic
Best Score? Go Orange.
Destiny's Child Bug A Boo Lyrics Stats
Can you name the Destiny's Child Bug A Boo Lyrics
By
natatatatatatall
15m
300 Questions
365 Plays
365 Plays
365 Plays
Comments
Comments
Give Quiz Kudos
Give Quiz Kudos
-
- Ratings
hide this ad
Replay
Link that replays current quiz
Next Quiz
Link to next quiz in quiz playlist
You Got
0%
They Got
Avg Score
83%
Avg Friend Score
Upgrade to see
Score Distribution
Jump to the score distribution portion of the page
Score
0/300
Timer
15:00
0
Plays Today
% Correct
the
98.6%
the
98.6%
a
98.6%
a
98.6%
a
98.6%
a
98.6%
the
98.6%
a
98.6%
a
98.6%
and
98.6%
and
98.6%
and
98.6%
a
98.6%
And
98.6%
the
98.6%
a
98.6%
a
98.6%
98.6%
And
98.6%
and
98.6%
the
98.6%
You
98.4%
you
98.4%
you
98.4%
you
98.4%
you
98.4%
you
98.4%
you
98.4%
you
98.4%
you
98.4%
you
98.4%
you
98.4%
you
98.4%
you
98.4%
you
98.4%
you
98.4%
You
98.4%
you
98.4%
you?
98.4%
You
98.4%
you
98.4%
you.
98.4%
you
98.4%
you
98.4%
you
98.4%
you
98.4%
you
98.4%
You
98.4%
you
98.4%
you
98.4%
you
98.4%
you
98.4%
you
98.4%
you
98.4%
me
97.3%
me
97.3%
me
97.3%
me
97.3%
me
97.3%
me
97.3%
me
97.3%
me
97.3%
me
97.3%
me
97.3%
me
97.3%
me
97.3%
me
97.3%
bug
97%
bug
97%
bug
97%
bug
97%
boo
96.2%
boo
96.2%
boo
96.2%
boo.
96.2%
I
95.9%
I
95.9%
I
95.9%
I
95.9%
I
95.9%
I
95.9%
I
95.9%
I
95.9%
I
95.9%
I
95.9%
I
95.9%
my
95.6%
my
95.6%
my
95.6%
my
95.6%
my
95.6%
my
95.6%
my
95.6%
my
95.6%
my
95.6%
make
94.5%
make
94.5%
out
94%
out
94%
out
94%
% Correct
wanna
93.2%
wanna
93.2%
phone
92.9%
phone
92.9%
phone
92.9%
phone
92.9%
call
92.6%
call
92.6%
call
92.6%
Call
92.6%
to
92.3%
so
92.3%
So
92.3%
to
92.3%
to
92.3%
so
92.3%
to
92.3%
to
92.3%
it
92.1%
it
92.1%
it
92.1%
it
92.1%
can
91.5%
window
90.1%
cause
90.1%
cause
90.1%
cause
90.1%
'cause
90.1%
'cause
90.1%
'Cause
90.1%
your
89.6%
your
89.6%
your
89.6%
throw
89%
stop
89%
be
89%
be
89%
stop
89%
be
89%
be
89%
be
89%
on
88.2%
on
88.2%
'em
87.9%
what
87.7%
what?
87.7%
What
87.7%
what
87.7%
what
87.7%
do
87.4%
do
87.4%
buggin
87.1%
buggin
87.1%
buggin
87.1%
buggin'
87.1%
buggin'
87.1%
buggin'
87.1%
email
86.8%
not
86.8%
not
86.8%
not
86.8%
not
86.8%
number
86.3%
number
86.3%
number
86.3%
move
86%
pager
85.8%
It's
85.8%
it's
85.8%
It's
85.8%
it's
85.8%
Break
85.5%
cool.
85.5%
cool
85.5%
that
85.2%
that
85.2%
that
85.2%
that
85.2%
that
85.2%
that
85.2%
don't
84.9%
don't
84.9%
don't
84.9%
block
84.7%
cut
84.1%
hot
83.6%
hot
83.6%
hot
83.6%
hot
83.6%
have
83.3%
have
83.3%
tell
83%
put
82.7%
see
82.7%
ain't
82.5%
who
81.9%
When
79.7%
when
79.7%
when
79.7%
of
79.5%
% Correct
you're
78.6%
you're
78.6%
think
78.1%
with
78.1%
think
78.1%
with
78.1%
with
78.1%
can't
77.5%
can't
77.5%
AOL
76.4%
every
76.4%
every
76.4%
now
74.8%
now
74.8%
lease
74.5%
callin'
74.2%
friend's
73.7%
were
73.2%
shoes.
73.2%
owe
73.2%
as
72.6%
as
72.6%
had
72.3%
had
72.3%
too
72.3%
too
72.3%
first
72.1%
pair
72.1%
go
72.1%
mess
72.1%
bought
71.8%
met
71.5%
but
70.1%
gave
69.9%
will
69.9%
guess
69.6%
give
69.6%
mama
69.6%
guess
69.6%
house.
69.6%
just
69.3%
even
69.3%
even
69.3%
much
68.8%
best
68.5%
if
68.2%
MCI
67.7%
likes
67.7%
minutes
67.4%
minutes
67.4%
back
67.1%
time
66.8%
fooled
66.6%
through
65.8%
need
65.8%
keep
65.5%
chill
64.9%
full.
63.8%
I'd
63.8%
already
63.6%
was
63.3%
rings
63.3%
mailbox
63%
then
62.7%
having
62.7%
after
62.5%
stressed.
62.5%
non-stop
61.9%
stressin'
61.6%
down.
61.6%
he
60.8%
by.
60.5%
pagin'
60%
without
59.7%
is
59.7%
game
59.2%
care
58.6%
over
58.1%
tracking
58.1%
someone
57.8%
else.
57.8%
twenty
57.5%
said
57.3%
liked
57.3%
seems
57.3%
ten
57%
am
56.7%
really
56.4%
I'm
56.4%
praying
55.3%
beeper
54.5%
Pope
54.2%
girlfriends
54%
messages
52.3%
everything
50.4%
leaving
50.1%
blocking
46.6%
around
42.2%
follow
41.4%
poles
38.9%
Quiz Playlist
Details
Report
Send in Message
Add To Playlist
Classic:
Type in answers that appear in a list
Last Updated: Feb 16, 2017
Quiz Scoreboard
CHALLENGE
Sign Up to Join the Scoreboard
Show All
Scores
Hide
Comments
May contain spoilers
Recently Published
Billboard Blitz: Fleetwood Mac
by CooCooCachoo
Music
15s
Presidents Visiting Landmarks
by Hejman
History
7m
An Introduction to Baseball
by treessimontrees
Sports
5m
More to Explore
Quiz From the Vault
Featured Blog Post
Where Did the Easter Bunny Come From?
hide this ad
You Might Also Like...
Tags
boo
bug
child
Destiny
Destiny Child
Today's Top Quizzes in Music
Browse Music
hide this ad
Today's Top Quizzes in boo
Browse boo
Top Contributed Quizzes in Music
1
Taylor Swift All Songs (2024)
2
Guess the Artist- 70s Songs
3
7-to-1: Billboard Hot 100 #1 Hits of 2010s
4
Sorting Albums and Songs
5
Taylor Swift Logic Puzzle
6
One Thing in Common: Music
7
2010s Album by Cover III
8
KPOP LOGIC QUIZ
9
Guess the Taylor Swift song (Mystery Song)
10
Guess the Artist- 80s Songs
Explore More
Trending Topics
Crossword
Marvel
Kpop
NBA
Disney
Harry Potter
Anime
Pokémon
Soccer
WWE
The Office
Country
Puzzle
NFL
Song
hide this ad
More By:
natatatatatatall
Quiz
Plays
Rating
Category
Featured
Created
Destiny's Child Say My Name Lyrics
2,261
4.71
Music
Nov 24, 2014
Bills Bills Bills by Destiny's Child Lyrics
606
3.75
Music
Nov 27, 2014
Destiny's Child Bug A Boo Lyrics
365
4.00
Music
Nov 24, 2014
What would you do? by City High Lyrics
163
5.00
Music
Apr 10, 2015
Heard About Us by The Carters Lyrics
104
5.00
Music
Jul 6, 2018
Go to Creator's Profile
Score Distribution
Quiz Creator Spotlight
natatatatatatall
Follow
Send a Message
Quizzes Created
-
Created Quiz Play Count
-
More By This Creator
Popular Quizzes Today
1
Find the US States - No Outlines Minefield
2
Find the Countries of Europe - No Outlines Minefield
3
The Countries of the World
4
Find the US States
5
Popular People in 1961
6
US States
7
Risky Map Clicking: Biggest States A-Z
8
Movies - When Are They Set?
More Music Quizzes
Rock and Roll Hall of Famers by Band Members
Published
Trending Quizzes
Risky Map Clicking: Least Populous States A-Z
1-10 Letter G Words
1-10 Letter F Words
Risky Map Clicking: Next State Alphabetically
'A' Boys' Names Grid
Recently Updated
Leaping Animals
pecheneg
Reality TV Shows (A-Z)
bhenderson79
Rickey Henderson's Hall of Fame Teammates
pecheneg
Champions League XIs: Arsenal
pecheneg
Quick Pick: Celebrities in WWE's Hall of Fame
aduchscher
A-Z Keypad Blitz II
pecheneg
Multiple Oscar Actors
pecheneg
Mystery Phrase Blitz: Oscar 'Best Actors'
pecheneg
F. Scott Fitzgerald Novels
LTH
Pick 3 Villains
ddd62291
Trending Topics
Marvel
Kpop
Harry Potter
Disney
Crossword
Anime
NBA
Pokémon
Song
WWE
Country
Soccer
Puzzle
NFL
The Office
Your Account Isn't Verified!
In order to create a playlist on Sporcle, you need to verify the email address you used during registration. Go to your
Sporcle Settings
to finish the process.
Report this User
Report this user for behavior that violates our
Community Guidelines
.
Details:
Send Report
Go to the Sporcle.com Mobile Site →
Comments